BIBLIOTHÈQUE DE LA MAISON DU MEXIQUE

Logo 1 Logo 2

Tehuacán y su entorno (notice nᵒ 8847)

détails MARC
000 -Sello discográfico
campo de control de longitud fija 01107nam a2200337 4500
005 - Identificación de versión
campo de control 20251016085102.0
010 ## - Número Estándar Internacional de Libros (ISBN)
Número (ISBN) 968-29-5190-9
035 ## - Otros números de control del sistema
Número de control del sistema 29731
099 ## - fechas locales
Tipo de ítem Koha LIBRO
100 ## - Datos de procesamiento general
Datos de procesamiento general 20021206d1997 m y1spay5003 ba
105 ## - Campo de datos codificados: Material textual, monográfico
Datos codificados de monografía a 001zy
200 1# - Título y mención de responsabilidad
Título propio Tehuacán y su entorno
Designación general del material texto impreso
Otra información del título Balance y perspectivas
Primer mención de responsabilidad Compilación Eréndira de la Lama
205 ## - Declaración de edición
Declaración de edición 1a ed
210 ## - Publicación, distribución, etc.
Lugar de publicación, distribución, etc. México
Nombre del editor, distribuidor, etc. Instituto Nacional de Antropología e Historia
Fecha de publicación, distribución, etc. 1997
215 ## - Descripción física
Designación de material específico y extensión del ítem 479 p
Otras características físicas il.
Dimensiones 27 cm
300 ## - Notas generales
Texto de la nota Incluye bibliografías
345 ## - Nota de información de adquisición
Fuente de adquisición/dirección de la suscripción [OBSOLETO] Donación
410 #1 - Series
Título Colección Científica
Número de volumen 313
607 ## - Nombre geográfico utilizado como tema
Elemento de entrada Tehuacán, Puebla (México)
Subdivisión temática Antigüedades
-- Congresos
Número Koha 14954
607 ## - Nombre geográfico utilizado como tema
Elemento de entrada Tehuacán, Puebla (México)
Subdivisión temática Historia
-- Congresos
Número Koha 14955
660 ## - Código de área geográfica
Código MX
702 ## - Nombre personal - Responsabilidad secundaria
Elemento de entrada Lama
Parte del nombre distinta del elemento de entrada Eréndira de la
Número Koha 5834
710 ## - Nombre de entidad corporativa - Responsabilidad primaria
Elemento de entrada Simposium Internacional de Estudios Regionales
Número Koha 14956
801 #0 - Fuente de origen
Agencia cm
900 ## -
-- 1/3167
900 ## -
-- 7100214957\061202
942 ## - ELEMENTOS DE ENTRADA SECUNDARIOS (KOHA)
Tipo de ítem Koha Livre
996 ## -
-- MEX
-- 751145101
-- MMAG
-- 002197
-- 301.5 I59 V.313
-- 20200811LIV
Exemplaires
Estatus retirado Estado de daño Estado de pérdida Fecha de adquisición Biblioteca de origen Biblioteca actual Ubicación en estantería Código de barras Precio de reemplazo Signatura topográfica completa No para préstamo Tipo de ítem Koha Nota pública Nota no pública
      05/08/2025 Casa México Paris Casa México Paris   002197 05/08/2025 301.5 I59 V.313   Livre 20200811LIV 751145101